| 000 | 01846nam a2200265Ia 4500 | ||
|---|---|---|---|
| 003 | Ost | ||
| 005 | 20260507075425.0 | ||
| 008 | 260507s9999||||xx |||||||||||||| ||und|| | ||
| 020 | _a25506299579 | ||
| 040 | _cfsecg | ||
| 041 | _aara | ||
| 082 | _a330 | ||
| 100 |
_aقندليجي، عامر إبراهيم _eمؤلف |
||
| 245 | 0 |
_aنظم المعلومات الإدارية و تكنولوجيا المعلومات / _c عامر إبراهيم قندليجي |
|
| 250 | _aطبعة 7 | ||
| 260 |
_aعمان: _bدار المسيرة, _c2015 |
||
| 300 |
_a474 صفحة؛ _bإيضاحات ؛ _c25 سم |
||
| 504 | _aالمصادر ص.473 | ||
| 520 | _aيبحتوي نظام المعلومات المحوسب و نشاطاته، أنواع نظم المعلومات من حيث المستويات الإدارية و الوظيفية و التخصصات الموضوعية، نظم المعلومات و الإدارة الإستراتيجية، الأعمال الإلكترونية و التجارة الإلكترونيةفي المنشآت الرقمية ،قضايا أخلاقية وإجتماعية و أمن المعلومات في حماية المنشآت الرقمية، المكونات المادية، المكونات البرمجية المستخدمة في نظم المعلومات، قواعد البيانات في النظم المحوسبة، الإتصالات و الشبكات المستخدمة في نظم المعلومات، الإنترنت و البنية الأساسية لتكنولوجيا المعلومات الجديدة. | ||
| 653 | _aالإدارة- المعلومات | ||
| 653 | _aتكنولوجيا المعلومات | ||
| 653 | _aنظم المعلومات الإدارية | ||
| 700 |
_aالجنابي، علاء الدين عبد القادر _eمؤلف ثانوي |
||
| 942 | _cكتاب | ||
| 999 |
_c44481 _d44481 |
||